|
|
|
|
| LEADER |
00977nam a22002532a 4500 |
| 001 |
000120312 |
| 003 |
CZ BrMZK |
| 005 |
19970103143423.0 |
| 008 |
970103s1991 xr f cze d |
| 015 |
|
|
|a cnb000063383
|
| 035 |
|
|
|a (OCoLC)39592681
|
| 040 |
|
|
|a BOA001
|b cze
|
| 080 |
|
|
|a 69:334.722
|2 MRF
|
| 080 |
|
|
|a 334.722:69
|2 MRF
|
| 100 |
1 |
|
|a Svobodová, Jaroslava,
|d 1946-
|7 mzk2004217552
|
| 245 |
1 |
0 |
|a Soukromé podnikání ve stavebnictví /
|c Jaroslava Svobodová, Jana Tomášová
|
| 260 |
|
|
|a Praha :
|b Trizonia,
|c 1991
|
| 300 |
|
|
|a 90 s.
|
| 700 |
1 |
|
|a Tomášová, Jana
|7 ola2009488049
|
| 856 |
4 |
1 |
|u http://www.digitalniknihovna.cz/mzk/uuid/uuid:13a84d30-6266-11e3-ac69-005056827e51
|y Digitalizovaný dokument
|x NDK
|
| 910 |
|
|
|a BOA001
|b TK-0247.983
|
| 990 |
|
|
|a BK
|
| 996 |
7 |
|
|b 2629981207
|c TK-0247.983
|l MZK
|r Sklad / do 24 hodin
|n 1
|w 000120312
|u 000020
|a 1
|e BOA001
|j MZK50
|s A
|
| 996 |
7 |
|
|b 2629989448
|c TK-0247.983
|l MZK
|r Sklad / do 24 hodin
|n 1
|w 000120312
|u 000010
|a 1
|e BOA001
|j MZK50
|s A
|